Datum a čas kvízu
11.5
Celkem bodů
Celkový počet nahraných bodů na tomto kvízu bez doplňovacích otázek.
9.
Pořadí na kvízu
Konečné umístění týmu na tomto kvízu.
Zaznamenané odpovědi
| # | Otázka | Odpověď | Body | Výsledky |
|---|---|---|---|---|
| 1. | V pátek se na základních a stř... | burger, panák (alkoholu) | 0.5 | |
| 2. | Jisté devadesátikilogramové zv... | sumec | 0 | |
| 3. | Minulý týden byl potvrzen rozc... | Katy Perry, Orlando Bloom | 0 | |
| 4. | Jak se jmenuje nově zvolený ge... | Hynek Chudárek | 0 | |
| 5. | V Ostravě se konal tradiční at... | 400 m překážek | 0 | |
| 6. | Jedna z nejúspěšnějších filmov... | Chris Pine, William Shatner | 0 | |
| 7. | Napište český název závěrečnéh... | Pařba na třetí | 1 | |
| 8. | Seřaďte jednotlivé díly filmov... | 1D 2B 3A 4C | 0 | |
| 9. | Jak se jmenovala dcera Edwarda... | A | 1 | |
| 10. | Závěrem se podíváme blíže na H... | z hadů | 0 |